000 01420nam1a22002891i 4500
001 rc\4568135
005 20260407075419.0
035 _a(NLR Aleph) 008649959
090 _a8995750
_c8995750
100 _a20130416g19631964k||y0rusy50 ca
101 0 _arus
102 _aRU
105 _aj |||||
200 1 _aКурс геодезии для строителей
_eучебное пособие
_fН.Н. Мазуров
_gМ-во высш. и сред. спец. образования РСФСР. Уральский политехн. ин-т им. С.М. Кирова
210 _aСвердловск
_d1963-1964
215 _d22
606 1 _aГеодезические работы в строительстве
_jРуководства, пособия и т.п.
_2nlr_sh
_3RU\NLR\AUTH\66
606 _aСтроительные работы
_jРуководства, пособия и т.п.
_xГеодезическое обеспечение
_91397619
_3RU\NLR\AUTH\66275225
686 0 _aД12я7
_2rubbk
686 0 _aН115я7
_2rubbk
700 1 _aМазуров
_bН.Н.
_cгеодезист
712 0 2 _4650
_aУральский политехнический институт им. С. М. Кирова
_cСвердловск
_9279890
_3RU\NLR\AUTH\884238
801 0 _aRU
_bNLR
_c20130416
_gpsbo
801 1 _aRU
_bELAR
_c20130416
_2rusmarc
801 2 _aRU
_bNLR
_c20171129
_2rusmarc
852 _aNLR
_j63-6/13457
942 _cBOOK